000 00488nam a2200145Ia 4500
008 230917s9999||||xx |||||||||||||| ||und||
040 _e163416
_aMAIN
041 _aEnglish
082 _a891.43371109 RF298:SK
100 _aसुवास कुमार
245 0 _aआंचलिकता यथार्थवाद और फणीश्वर रेणु
260 _aदिल्ली
_bसाहित्य सहकार
_c1992
300 _a155 पृ. p.
942 _cHN
999 _c65417
_d65417